[Event "Krapina-ch 8th "]
[Site "Krapina"]
[Date "2018.01.18"]
[Round "1"]
[White "Krklec, Josip"]
[Black "Spilek, Stjepan"]
[Result "1-0"]
[WhiteElo "2032"]
[BlackElo "1676"]
[PlyCount "168"]
[EventDate "2018.01.18"]
[EventType "swiss"]
[EventRounds "7"]
[EventCountry "CRO"]
[SourceTitle "EXT 2019"]
[Source "ChessBase"]
[SourceDate "2018.10.10"]
[SourceVersion "1"]
[SourceVersionDate "2018.10.10"]
[SourceQuality "1"]

1. d4 e6 2. Nf3 d5 3. c4 Nf6 4. Nc3 Be7 5. Bg5 c6 6. e3 Nbd7 7. Bd3 Nh5 8. Bxe7 Qxe7 9. 0-0 0-0 10. e4 Nf4 11. cxd5 exd5 12. Bc2 dxe4 13. Nxe4 Nf6 14. Ng3 Be6 15. Qd2 Qc7 16. Ne5 Ng6 17. Rfe1 Rad8 18. Nxg6 hxg6 19. Bxg6 c5 20. Rac1 Bxa2 21. Bf5 b6 22. b4 Bb3 23. bxc5 bxc5 24. Qc3 Qb7 25. dxc5 Bd5 26. c6 Qc7 27. h4 Rd6 28. Ne4 Rxc6 29. Nxf6+ gxf6 30. Qe3 Rxc1 31. Rxc1 Qe5 32. Qh3 Qf4 33. Rc3 Re8 34. Qg3+ Qxg3 35. Rxg3+ Kh8 36. Ra3 Re5 37. g4 Re7 38. Kh2 Rb7 39. Ra5 Be6 40. Kg3 Rb3+ 41. f3 Rb7 42. Be4 Rc7 43. Kf4 Kg7 44. Ke3 Rd7 45. Bf5 Rb7 46. Be4 Rb3+ 47. Kf4 Rb2 48. Rxa7 Rh2 49. Kg3 Rh1 50. Rb7 Rg1+ 51. Kh2 Re1 52. Kg3 Rg1+ 53. Kf4 Rh1 54. h5 Rg1 55. Bf5 Bd5 56. Rd7 Ba2 57. Rd6 Re1 58. h6+ Kxh6 59. Rxf6+ Kg7 60. Kg5 Rf1 61. Be4 Be6 62. Rh6 Bc4 63. f4 Rg1 64. Bf5 Be2 65. Rh7+ Kg8 66. Kf6 Bc4 67. Rh4 Rf1 68. g5 Ra1 69. Bh7+ Kf8 70. Be4 Be6 71. Rh6 Bc4 72. Ke5 Rg1 73. Bf5 Be2 74. Rh7 Kg8 75. Kf6 Bc4 76. Rh4 Rf1 77. Rh2 Ra1 78. Bh7+ Kf8 79. Be4 Ra6+ 80. Ke5 Ke7 81. Rd2 Kf8 82. f5 Kg8 83. f6 Bb5 84. Rd8+ Be8 1-0